Statistiques concernant Films commençant par P par images

Cliquez ici pour prendre le quiz!

Statistiques générales

  • Ce quiz a été pris 872 fois
  • Le résultat moyen est 15 sur 28

Statistiques - réponses

Réponse% Correct
La Petite Sirène
96%
Le Parrain
93%
Pinocchio
93%
Pocahontas
89%
Pirates des Caraïbes : La Malédiction du Black Pearl
88%
Paddington
83%
Peau d'âne
82%
Pulp Fiction
76%
Le Père Noël est une ordure
75%
Pretty Woman
75%
La Princesse et la Grenouille
74%
Psychose
61%
Le Pianiste
54%
Princesse Mononoké
50%
Paranormal activity
47%
Parasite
44%
Polisse
44%
Le Pari
43%
Les Petits Mouchoirs
40%
Ponyo sur la falaise
34%
Pearl Harbor
32%
Papy fait de la résistance
29%
Papa ou Maman
19%
Prisoners
17%
Prête-moi ta main
15%
Peur sur la ville
14%
Portrait de la jeune fille en feu
14%
Les Poupées Russes
13%

Distribution des résultats

Percentile par nombre de réponses

% des personnes avec chaque résultat

Votre développement - résultats

Vous n’avez pas pris ce quiz